000 00722nam a2200289 a 4500
003 AR-BaBNM
005 20251128203531.0
008 082120s2002 ||||||||||||||000 | spa||
040 _cAR-BaBNM
100 1 _aBerenguer Amenós, Jaime
245 0 0 _aAtenea
_bmétodo de griego
250 _a3ª ed.
260 _aBarcelona
_bBosch
_c1961
300 _a143 p.
_bil.
500 _aContiene una antología de textos en p. 106
650 4 _aGRAMATICA
650 4 _aFONOLOGIA
650 4 _aFILOLOGIA
650 4 _aGRIEGO
650 4 _aMORFOLOGIA [LINGÜISTICA]
650 4 _aSINTAXIS
650 4 _aSEMANTICA
650 4 _aENSEÑANZA DE IDIOMAS
653 _aGRAMATICA GRIEGA
942 _cBK
998 _cMARTIN
999 _c3825
_d3825